| 000 | 00507nam a2200181 i 4500 | ||
|---|---|---|---|
| 001 | 130671 | ||
| 003 | ES-MaACL | ||
| 005 | 20250730080559.0 | ||
| 007 | t| | ||
| 008 | 070803s1982 mx ||||1| spa d | ||
| 245 | 0 | 0 | _aBio-biografía de Silvio Zavala. |
| 250 | _a[1ª ed.]. | ||
| 260 |
_a[México] : _bEl Colegio Nacional, _c[1982] |
||
| 300 |
_a91 p. : _bil. ; _c21 cm. |
||
| 600 | 1 | 4 |
_aZavala, Silvio, _d1909-2014 _9118108 |
| 852 |
_aES-MaACL _jL-3174 _bR.103932 |
||
| 999 |
_c130671 _d130671 |
||